000 00702nam a22002057a 4500
003 SISC
005 20160707151825.0
008 160707b xxu||||| |||| 00| 0 eng d
020 _a9781107618695
050 _aLB 1707 .T428 2013
110 _aCambridge University Press.
245 _aTeachers learning professional development and education /
_cedited by Colleen McLaughlin.
260 _aCambridge, UK :
_bCambridge University Press,
_cc2013.
300 _axix, 146 p. :
_bill. ;
_c25 cm.
440 _aThe Cambridge Teacher series.
650 _aTeachers--Training of.
650 _aTeachers--Training of--Great Britain.
700 _aMcLaughlin, Colleen, ed.
942 _2lcc
_cBK
999 _c296221
_d296221